Shikshana Shastra Mattu Bhodhana Vishayavagi Kannada Bhashe (Record no. 240309)

MARC details
000 -LEADER
fixed length control field 00416nam a2200145Ia 4500
005 - DATE AND TIME OF LATEST TRANSACTION
control field 20250729165816.0
008 - FIXED-LENGTH DATA ELEMENTS--GENERAL INFORMATION
fixed length control field 250729s2021 xx 000 0 und d
041 ## - LANGUAGE CODE
Language code of text/sound track or separate title kan
082 ## - DEWEY DECIMAL CLASSIFICATION NUMBER
Classification number 494.50 CHAS
100 ## - MAIN ENTRY--PERSONAL NAME
Personal name Chandrahasa G Kanvathirtha
9 (RLIN) 233496
245 ## - TITLE STATEMENT
Title Shikshana Shastra Mattu Bhodhana Vishayavagi Kannada Bhashe
260 ## - PUBLICATION, DISTRIBUTION, ETC.
Place of publication, distribution, etc. Mysore
Name of publisher, distributor, etc. Vismaya Prakashana
Date of publication, distribution, etc. 2021
300 ## - PHYSICAL DESCRIPTION
Extent 136p
650 ## - SUBJECT ADDED ENTRY--TOPICAL TERM
Topical term or geographic name entry element Kannada
9 (RLIN) 233497
Holdings
Withdrawn status Lost status Damaged status Not for loan Home library Current library Date acquired Source of acquisition Cost, normal purchase price Total Checkouts Full call number Barcode Date last seen Cost, replacement price Price effective from Koha item type
        St Aloysius Library St Aloysius Library 07/29/2025 Management Book 120.00   494.50 CHAS BED05628 07/29/2025 120.00 07/29/2025 Book